000 00727nam a2200241Ia 4500
003 OSt
005 20240814112849.0
008 210716s1991 xx 000 0 und d
020 _a0385265867
040 _cAIMIT LIBRARY
041 _aeng
082 _a374.22
_21
_bQUAL
100 _aQuayle, Louise.
_9177261
245 _aCitizenship made simple /
_cLouise Quayle.
250 _a1st ed.
260 _aNew York :
_bMade Simple Books ,
_c1991.
300 _a206p. ;
_bPB
_c27 cm
650 _aMeet the immigration and naturlization service
_9177262
650 _aBecoming a parmanent resident
_9177263
650 _aBecoming a citizen
_9177264
700 _aQuayle, Louise.
_9177261
942 _2ddc
_cBK
_e1st
_k374.22 QUAL
999 _c206511
_d206511